Study and critical thinking skills in college/ (Record no. 10291)

MARC details
000 -LEADER
fixed length control field 01368nam a22001457a 4500
005 - DATE AND TIME OF LATEST TRANSACTION
control field 20240726132659.0
008 - FIXED-LENGTH DATA ELEMENTS--GENERAL INFORMATION
fixed length control field 240717b ||||| |||| 00| 0 eng d
050 ## - LIBRARY OF CONGRESS CALL NUMBER
Classification number LB2395.M445(6e)
082 ## - DEWEY DECIMAL CLASSIFICATION NUMBER
Edition number 7ed
245 ## - TITLE STATEMENT
Title Study and critical thinking skills in college/
Statement of responsibility, etc. Kathleen T. McWhorter
300 ## - PHYSICAL DESCRIPTION
Extent Xvii, 425 p,:
Dimensions 24cm
500 ## - GENERAL NOTE
General note Includes references, endnotes, credits, index
505 ## - FORMATTED CONTENTS NOTE
Formatted contents note Contents: Part 1: College: Strategies for success -- the college system: an orientation -- taking charge of your college career -- establishing goals and managing your time -- managing your life and coping with stress -- communication skills for the classroom -- thinking critically and solving problems -- Part 2: Learning and thinking strategies: learning styles and teaching styles -- learning and memory -- Part 3: Applying your skills to academic disciplines: study strategies for academic discipline -- learning specialized and technical vocabulary -- Part4: Mastering course content: thought patterns of academic disciplines -- note taking for class lectures -- learning from textbooks, graphics, and online sources -- organizing and synthesizing course content -- critical reading and thinking about course content -- Part 5: Exams: Thinking under pressure: preparing for exams -- reasoning skills for objective exams -- taking essay exams.
942 ## - ADDED ENTRY ELEMENTS (KOHA)
Source of classification or shelving scheme Dewey Decimal Classification
Koha item type Books
Edition 7ed
Holdings
Withdrawn status Lost status Source of classification or shelving scheme Damaged status Not for loan Home library Current library Shelving location Date acquired Full call number Barcode Date last seen Copy number Price effective from Koha item type
    Library of Congress Classification     WISCONSIN INTERNATIONAL UNIVERSITY COLLEGE, GHANA - MAIN LIBRARY WISCONSIN INTERNATIONAL UNIVERSITY COLLEGE, GHANA - MAIN LIBRARY Reference 17/07/2024 LB2395.M445(7e) 9736/437/24 17/07/2024 1 17/07/2024 Reference

If you have any concerns or questions; kindly contact the library


© Powered by WIUC ICT DIRECTORATE